000 00306nam a22001337a 4500
008 170412b xxu||||| |||| 00| 0 eng d
020 _a9780781723947
041 _aeng
080 _a618
100 _a10
101 _aSHM
245 _aHIGH TIELD OBSTETRICS GYNECOLOGY
_cSAKALA.E.P
942 _2udc
_cBK
999 _c10454
_d10454